[Event "GER-chT U12"]
[Site "Verden"]
[Date "2005.12.28"]
[Round "3.2"]
[White "Nitsche Hahn, Maxim"]
[Black "Schlemmer, Martin"]
[Result "1/2-1/2"]
[WhiteElo "1431"]
[BlackElo "1206"]
[PlyCount "125"]
[EventDate "2005.12.27"]
[EventType "team-swiss"]
[EventRounds "7"]
[EventCountry "GER"]
[SourceTitle "CBM 110 Extra"]
[Source "ChessBase"]
[SourceDate "2006.03.10"]
[SourceVersion "2"]
[SourceVersionDate "2006.03.10"]
[SourceQuality "1"]

1. d4 d5 2. c4 Nf6 3. Nf3 c6 4. e3 Bf5 5. Be2 e6 6. 0-0 Nbd7 7. Nc3 b6 8. b3 Bb4 9. Bb2 Bxc3 10. Bxc3 0-0 11. Qd2 Qc7 12. Rac1 Ne4 13. Qb2 Rfe8 14. cxd5 exd5 15. a3 Rac8 16. b4 b5 17. Bd2 Qb8 18. Qb3 Qb7 19. Bd3 Nxd2 20. Nxd2 Bxd3 21. Qxd3 Re6 22. Nf3 h6 23. Rc2 Nb6 24. Ne5 Nc4 25. Nf3 a5 26. Ra2 Ra8 27. Rfa1 a4 28. Rc2 Rc8 29. Rac1 g6 30. Nd2 Nxd2 31. Qxd2 Re7 32. Qc3 Kg7 33. Qc5 Rd7 34. Qc3 Rdc7 35. Qd3 Re7 36. Qd1 Rd7 37. Qf3 Re7 38. Qf4 Re4 39. Qd6 Re6 40. Qf4 Rf6 41. Qe5 Qc7 42. Qxc7 Rxc7 43. Kf1 Re6 44. Ke2 Kf6 45. Kd3 Rd6 46. Re1 Re7 47. h3 h5 48. Rg1 g5 49. g4 h4 50. Rf1 Kg6 51. f4 f6 52. fxg5 fxg5 53. Rf5 Re8 54. Rcf2 Ree6 55. R2f3 Re7 56. Rf8 Rde6 57. R8f5 Re8 58. Rf8 R8e7 59. Rg8+ Rg7 60. Rxg7+ Kxg7 61. Rf5 Kg6 62. Rf2 Re7 63. Re2 1/2-1/2